Normal view
MARC view
- Betts
Entry Personal Name
001 - CONTROL NUMBER
- control field: 90639
003 - CONTROL NUMBER IDENTIFIER
- control field: NUST
005 - DATE AND TIME OF LATEST TRANSACTION
- control field: 20220317153514.0
008 - FIXED-LENGTH DATA ELEMENTS
- fixed length control field: 220317|| aca||aabn | a|a d
040 ## - CATALOGING SOURCE
- Original cataloging agency: NUST
- Transcribing agency: NUST
100 ## - HEADING--PERSONAL NAME
- Personal name: Betts
670 ## - SOURCE DATA FOUND
- Source citation: Work cat.: (NUST): Betts, Surprise Attack /, 1987
